000 00617nam a2200181Ia 4500
003 GCL
008 140319s9999 xx 000 0 ara d
040 _aGCL /
_cGCL
082 0 4 _a889
_bم ك
100 1 _aامين سلامة
245 1 0 _aكوميديات اريستو فانيس المجلد الثالث (هدية الاديب عبدالفتاح الجمل) /
_cامين سلامة
300 _a391
490 _a100 قصة
_v0
650 0 4 _aالادب اليونانى المترجم
650 0 4 _aالمسرحيات اليونانية المترجمة
650 0 4 _aاربتوفانيس
942 _2ddc
_cBK
999 _c43498
_d43498